000
00295nam a22001217a 4500
008
181031b xxu||||| |||| 00| 0 eng d
041
_a
eng
080
_a
370
100
_a
47
101
_a
EDU
245
_a
Teaching College Collected For The New Instructor
_c
Weimer,M
942
_2
udc
_c
BK
999
_c
51355
_d
51355